000 00579nam a2200193 i 4500
001 82453
003 ES-MaACL
005 20230906174656.0
007 t|
008 041110s1960 ag ||||1| spa d
080 _a84-311.2"19"
100 1 _aIkor, Roger.
_965163
245 1 3 _aEl sembrador de viento /
_cRoger Ikor ; [traducción de Francisco J. Olondriz y Domingo Pruna].
260 _aBuenos Aires :
_bPlaza & Janés,
_c[1960]
300 _a288 p. ;
_c18 cm.
700 1 _aOlondriz, Francisco J.
_987002
700 1 _aPruna, Domingo.
_994081
852 _aES-MaACL
_jC-23521
999 _c82453
_d82453